تحميل...

(Eng) Srimad Bhagavatam/

التفاصيل البيبلوغرافية
المؤلف الرئيسي: Kamala Subramaniam
التنسيق: Printed Book
منشور في: Bombay: Bharathiya Vidhya Bhavan, 1981.
LEADER 00368nam a22001097a 4500
100 |a Kamala Subramaniam 
245 |a (Eng) Srimad Bhagavatam/  |c Kamala Subramaniam 
260 |a Bombay:  |b Bharathiya Vidhya Bhavan,  |c 1981. 
300 |a 672p. 
942 |2 ddc  |c BK 
999 |c 242992  |d 242992 
952 |0 0  |1 0  |4 0  |7 0  |9 269531  |a HIN  |b HIN  |c S-10  |d 2012-03-29  |i 13166  |l 0  |p HIN13166  |r 2014-02-07  |w 2014-02-07  |y BK